Bergy's manual of systematic bacteriology. V4. (Record no. 96783)
[ view plain ]
| 000 -LEADER | |
|---|---|
| fixed length control field | 00395nam a2200157Ia 4500 |
| 008 - FIXED-LENGTH DATA ELEMENTS--GENERAL INFORMATION | |
| fixed length control field | 210210b1989 xxu||||| |||| 00| 0 eng d |
| 082 ## - DEWEY DECIMAL CLASSIFICATION NUMBER | |
| Classification number | 589.9 BERG |
| 100 ## - MAIN ENTRY--PERSONAL NAME | |
| Personal name | BERGEY |
| 245 ## - TITLE STATEMENT | |
| Title | Bergy's manual of systematic bacteriology. V4. |
| 260 ## - PUBLICATION, DISTRIBUTION, ETC. | |
| Place of publication, distribution, etc. | Tokyo |
| Name of publisher, distributor, etc. | Williams & Wilkins |
| Date of publication, distribution, etc. | 1989 |
| 300 ## - PHYSICAL DESCRIPTION | |
| Extent | 2648,I-61 |
| 440 ## - SERIES STATEMENT/ADDED ENTRY--TITLE | |
| Title | 4 |
| 650 ## - SUBJECT ADDED ENTRY--TOPICAL TERM | |
| Topical term or geographic name entry element | Bergy's Bacteriology |
| 690 ## - LOCAL SUBJECT ADDED ENTRY--TOPICAL TERM (OCLC, RLIN) | |
| Topical term or geographic name as entry element | Botany |
| 906 ## - LOCAL DATA ELEMENT F, LDF (RLIN) | |
| a | 047860 |
| Withdrawn status | Lost status | Source of classification or shelving scheme | Damaged status | Not for loan | Collection code | Home library | Current library | Shelving location | Date acquired | Cost, normal purchase price | Total Checkouts | Full call number | Barcode | Date last seen | Date last checked out | Price effective from | Koha item type |
|---|---|---|---|---|---|---|---|---|---|---|---|---|---|---|---|---|---|
| Dewey Decimal Classification | Microbiology | St Aloysius Library | St Aloysius Library | 02/17/2021 | 0.00 | 2 | 589.9 BERG | 047860 | 05/18/2026 | 05/18/2026 | 02/17/2021 | Book |